logo

Bir Sreshtho Munshi Abdur Rouf Library
Jhenaidah Cadet College

রুহানী রোগ ও তার চিকিৎসা : (Record no. 12614)

MARC details
000 -LEADER
fixed length control field 00921nam a2200229 a 4500
001 - CONTROL NUMBER
JCCL Control Number 12614
003 - CONTROL NUMBER IDENTIFIER
JCCL marc code BD-JhCC
005 - DATE AND TIME OF LATEST TRANSACTION
control field 20221017093415.0
008 - FIXED-LENGTH DATA ELEMENTS--GENERAL INFORMATION
fixed length control field 221017b2021 bg |||| |||| 000 0 mul d
035 ## - SYSTEM CONTROL NUMBER
system control number (BD-JhCC)12614
040 ## - CATALOGING SOURCE
Original cataloging agency BD-JhCC
Modifying agency BD-JhCC
041 ## - LANGUAGE CODE
Language code of Book Bangla
041 ## - LANGUAGE CODE
Language code of Book Arabic
082 ## - DEWEY DECIMAL CLASSIFICATION NUMBER
Classification number 297.5
Author mark and Year AZA 2021
100 ## - MAIN ENTRY--PERSONAL NAME
Personal name আজাদ, হাফেজ মাওলানা মুফতি আব্দুর রহমান
245 ## - TITLE STATEMENT
Title রুহানী রোগ ও তার চিকিৎসা :
Remainder of title কুরআন-হাদীসের দলিলসহ /
Statement of responsibility, etc হাফেজ মাওলানা মুফতি আব্দুর রহমান আজাদ
260 ## - PUBLICATION, DISTRIBUTION, ETC. (IMPRINT)
Place of publication, distribution, etc ঢাকা :
Name of publisher, distributor, etc মাকতাবুল আযীয,
Date of publication, distribution, etc ২০২১।
300 ## - PHYSICAL DESCRIPTION
Pagination ৪৩২ পৃ. :
Dimensions ২২ সেমি.
650 ## - SUBJECT ADDED ENTRY--TOPICAL TERM
Topical term or geographic name as entry element Spiritual disease
650 ## - SUBJECT ADDED ENTRY--TOPICAL TERM
Topical term or geographic name as entry element Bioethics (Islam)
942 ## - ADDED ENTRY ELEMENTS (KOHA)
Source of classification or shelving scheme Dewey Decimal Classification
Koha item type Books
Holdings
Source of classification or shelving scheme Damaged status Not for loan Home library Current library Shelving location Date of accession Cost, normal purchase price Total Checkouts Full call number Barcode Checked out Date last seen Date checked out Copy number Koha item type
Dewey Decimal Classification     JCC Rouf Library JCC Rouf Library General Stacks 10/17/2022 288.00 1 297.5 AZA 2021 17452 02/18/2026 01/25/2026 01/25/2026 C-1 Books

JCC Library | Contacts | JCC Home

Last Update on 23 September 2017
Copyright @ 2017-2020 JCC Rouf Library
Rouf Library, Jhenidah Cadet College (JCC), Bangladesh